| 000 | 00543nam a2200181Ia 4500 | ||
|---|---|---|---|
| 005 | 20250923144715.0 | ||
| 008 | 008 250917s9999 xx 000 0 eng d | ||
| 037 | _aTextual | ||
| 040 |
_aDSWL _beng _cDSWL |
||
| 041 |
_aeng _2eng |
||
| 084 | _qDSWL | ||
| 100 |
_aShrikant, L.M. _9827583 |
||
| 245 | 0 |
_aReport of the commissioner for scheduled castes and schduled tribes, Part II _cby L.M. Shrikant |
|
| 260 |
_aDelhi _bDelhi Govt. of Indian Press _c1958 |
||
| 300 | _a182p. | ||
| 942 | _cTEXL | ||
| 999 |
_c1442313 _d1442313 |
||